[Event "Quebec op U2000"]
[Site "Longueuil"]
[Date "2018.07.28"]
[Round "9.34"]
[White "Chevalier, Francois"]
[Black "Selling, Edward F"]
[Result "1-0"]
[WhiteElo "1782"]
[BlackElo "1845"]
[PlyCount "99"]
[EventDate "2018.07.21"]
[EventType "swiss"]
[EventRounds "9"]
[EventCountry "CAN"]
[SourceTitle "EXT 2022"]
[Source "ChessBase"]
[SourceDate "2021.10.06"]
[SourceVersion "1"]
[SourceVersionDate "2021.10.06"]
[SourceQuality "1"]

1. d4 Nf6 2. Nf3 g6 3. Bg5 Bg7 4. Nbd2 0-0 5. c3 d6 6. e4 h6 7. Bh4 Nc6 8. Be2 a6 9. a4 Bg4 10. Qc2 Qe8 11. h3 Bd7 12. d5 Ne5 13. Nxe5 dxe5 14. 0-0 c6 15. c4 cxd5 16. cxd5 Rc8 17. Qb3 b5 18. axb5 Bxb5 19. Bxb5 Qxb5 20. Qxb5 axb5 21. Rfc1 g5 22. Bg3 Nh5 23. Bh2 Nf4 24. Bxf4 exf4 25. Rxc8 Rxc8 26. Ra7 Kf8 27. Rb7 Bxb2 28. Rxb5 Bc3 29. Nb3 Be5 30. Nc5 Ke8 31. Nd3 Rb8 32. Rxb8+ Bxb8 33. f3 Ba7+ 34. Kf1 f6 35. Ke2 Kd7 36. Kd2 Kd6 37. Kc3 e6 38. Kc4 Be3 39. Nb4 h5 40. Nc6 exd5+ 41. exd5 f5 42. Nd4 Bxd4 43. Kxd4 h4 44. Kc4 g4 45. Kd4 g3 46. Kc4 Kd7 47. Kc5 Kc7 48. d6+ Kd7 49. Kd5 Kd8 50. Ke5 1-0

[Event "Quebec op U2000"]
[Site "Longueuil"]
[Date "2018.07.25"]
[Round "6.33"]
[White "Selling, Edward F"]
[Black "Zhang, Hou Han"]
[Result "0-1"]
[WhiteElo "1845"]
[BlackElo "1770"]
[PlyCount "90"]
[EventDate "2018.07.21"]
[EventType "swiss"]
[EventRounds "9"]
[EventCountry "CAN"]
[SourceTitle "EXT 2022"]
[Source "ChessBase"]
[SourceDate "2021.10.06"]
[SourceVersion "1"]
[SourceVersionDate "2021.10.06"]
[SourceQuality "1"]

1. d4 Nf6 2. Nf3 g6 3. Bf4 Bg7 4. c3 d6 5. h3 0-0 6. Nbd2 c5 7. e3 cxd4 8. exd4 Be6 9. Be2 Qb6 10. Nb3 a5 11. Rb1 a4 12. Nc1 Nd5 13. Bd2 Bf5 14. Bd3 Bxd3 15. Nxd3 Nc6 16. 0-0 e5 17. dxe5 dxe5 18. c4 Nde7 19. Be3 Qc7 20. Nc5 Rfd8 21. Qe2 Nd4 22. Bxd4 exd4 23. Nd3 Nf5 24. c5 Re8 25. Qc2 Qc6 26. b4 axb3 27. axb3 Ra3 28. Rfe1 Rxe1+ 29. Rxe1 h6 30. Qc4 Bf8 31. Nfe5 Qe6 32. Qxe6 fxe6 33. b4 Bg7 34. Rd1 Ne7 35. b5 Rc3 36. f4 g5 37. g3 Nf5 38. c6 bxc6 39. bxc6 Nxg3 40. fxg5 hxg5 41. Kg2 Nf5 42. Rb1 Ne3+ 43. Kf3 Bxe5 44. Nxe5 Nc4+ 45. Ke4 Nd2+ 0-1

[Event "Quebec op U2000"]
[Site "Longueuil"]
[Date "2018.07.23"]
[Round "4.33"]
[White "Selling, Edward F"]
[Black "Desmarais, Serge"]
[Result "0-1"]
[WhiteElo "1845"]
[BlackElo "1626"]
[PlyCount "58"]
[EventDate "2018.07.21"]
[EventType "swiss"]
[EventRounds "9"]
[EventCountry "CAN"]
[SourceTitle "EXT 2022"]
[Source "ChessBase"]
[SourceDate "2021.10.06"]
[SourceVersion "1"]
[SourceVersionDate "2021.10.06"]
[SourceQuality "1"]

1. d4 d5 2. Nf3 Nf6 3. Bf4 c5 4. c3 e6 5. e3 Nc6 6. Nbd2 Bd6 7. Ne5 Qc7 8. Ndf3 Nh5 9. Bb5 Nxf4 10. exf4 f6 11. Nxc6 bxc6 12. Bd3 Bxf4 13. 0-0 c4 14. Bc2 Kf7 15. Re1 Bd7 16. g3 Bd6 17. Nh4 g6 18. Qf3 Rae8 19. Re2 e5 20. dxe5 Rxe5 21. Rxe5 Bxe5 22. Qe3 Kg7 23. f4 Bd6 24. Nf3 Re8 25. Qd2 Qb6+ 26. Nd4 Qxb2 27. Rb1 Qxa2 28. Rb7 Re7 29. Ne6+ Bxe6 0-1

[Event "Quebec op U2000"]
[Site "Longueuil"]
[Date "2018.07.22"]
[Round "3.28"]
[White "Guipi Bopala, Prince Eric Jr"]
[Black "Selling, Edward F"]
[Result "1-0"]
[WhiteElo "1796"]
[BlackElo "1845"]
[PlyCount "67"]
[EventDate "2018.07.21"]
[EventType "swiss"]
[EventRounds "9"]
[EventCountry "CAN"]
[SourceTitle "EXT 2022"]
[Source "ChessBase"]
[SourceDate "2021.10.06"]
[SourceVersion "1"]
[SourceVersionDate "2021.10.06"]
[SourceQuality "1"]

1. d4 Nf6 2. c4 g6 3. Nc3 Bg7 4. e4 d6 5. f3 0-0 6. Be3 e5 7. Nge2 Nc6 8. d5 Ne7 9. Qd2 Nd7 10. g4 Nb6 11. Nc1 c6 12. Nb3 cxd5 13. cxd5 Bd7 14. 0-0-0 Rc8 15. Kb1 Nc4 16. Bxc4 Rxc4 17. Qe2 Qc7 18. Bxa7 Ra8 19. Bb6 Qc8 20. a3 Ba4 21. Nxa4 Rcxa4 22. Rc1 Qe8 23. Rc7 Nc8 24. Rxb7 Nxb6 25. Rxb6 Bh6 26. Qc2 Qd8 27. Rc6 Qb8 28. Rd1 R4a7 29. Rd3 Rb7 30. Rdc3 Kg7 31. Rc8 Qa7 32. Rxa8 Qxa8 33. Rc7 Be3 34. Qc6 1-0

[Event "Canadian op U2200"]
[Site "Sault Ste Marie"]
[Date "2017.07.15"]
[Round "8"]
[White "Wu, Chenxi"]
[Black "Selling, Edward F"]
[Result "0-1"]
[WhiteElo "1904"]
[BlackElo "1845"]
[PlyCount "39"]
[EventDate "2017.07.11"]
[EventType "swiss"]
[EventRounds "9"]
[EventCountry "CAN"]
[SourceTitle "EXT 2022"]
[Source "ChessBase"]
[SourceDate "2021.10.06"]
[SourceVersion "1"]
[SourceVersionDate "2021.10.06"]
[SourceQuality "1"]

1. e4 c5 2. Nf3 Nc6 3. d4 cxd4 4. Nxd4 e6 5. g3 Qc7 6. Nxc6 bxc6 7. Bg2 Ba6 8. Bd2 Nf6 9. Nc3 Rb8 10. b3 Ba3 11. Ne2 d5 12. exd5 cxd5 13. 0-0 0-0 14. Re1 Rbc8 15. c3 Bb2 16. Rb1 Bxe2 17. Qxe2 Bxc3 18. Rec1 d4 19. Rc2 Qa5 20. Bg5 0-1

[Event "Canadian op U2200"]
[Site "Sault Ste Marie"]
[Date "2017.07.11"]
[Round "1"]
[White "Chernik, Dmitry"]
[Black "Selling, Edward F"]
[Result "1/2-1/2"]
[WhiteElo "2041"]
[BlackElo "1845"]
[PlyCount "110"]
[EventDate "2017.07.11"]
[EventType "swiss"]
[EventRounds "9"]
[EventCountry "CAN"]
[SourceTitle "EXT 2022"]
[Source "ChessBase"]
[SourceDate "2021.10.06"]
[SourceVersion "1"]
[SourceVersionDate "2021.10.06"]
[SourceQuality "1"]

1. e4 c5 2. Nc3 e6 3. f4 Nc6 4. Nf3 a6 5. a4 Qc7 6. d3 b6 7. g3 Bb7 8. Bg2 Nd4 9. 0-0 Nf6 10. e5 Nd5 11. Nxd4 cxd4 12. Nxd5 Bxd5 13. Bxd5 exd5 14. f5 0-0-0 15. Bf4 Qc6 16. Qf3 Bc5 17. Rab1 a5 18. Kg2 Rde8 19. c3 dxc3 20. bxc3 d4 21. Qxc6+ dxc6 22. c4 Kd7 23. Rbe1 h6 24. Re4 Re7 25. Rfe1 Rhe8 26. Bc1 Kc7 27. Rg4 f6 28. e6 Bb4 29. Ree4 Bc3 30. Rg6 b5 31. cxb5 cxb5 32. axb5 Kb6 33. Ba3 Rb7 34. e7 Kxb5 35. Rxg7 Ka4 36. Bc5 Kb3 37. Rf7 Bb4 38. Rf8 Rexe7 39. Bxe7 Rxe7 40. Rxe7 Bxe7 41. Rf7 Bb4 42. Rxf6 a4 43. Ra6 a3 44. f6 a2 45. f7 Bf8 46. Kf3 Kb2 47. Ke4 Bg7 48. g4 a1Q 49. Rxa1 Kxa1 50. f8Q Bxf8 51. Kxd4 Kb2 52. Ke4 Kc3 53. d4 Kc4 54. d5 Kc5 55. Ke5 Bd6+ 1/2-1/2

[Event "CAN-ch Seniors 50+"]
[Site "Kitchener"]
[Date "2015.08.03"]
[Round "6"]
[White "Zybura, Andre"]
[Black "Selling, Edward F"]
[Result "1-0"]
[WhiteElo "2125"]
[BlackElo "1657"]
[PlyCount "79"]
[EventDate "2015.07.31"]
[EventType "swiss"]
[EventRounds "7"]
[EventCountry "CAN"]
[SourceTitle "EXT 2022"]
[Source "ChessBase"]
[SourceDate "2021.10.06"]
[SourceVersion "1"]
[SourceVersionDate "2021.10.06"]
[SourceQuality "1"]

1. e4 c5 2. d4 cxd4 3. c3 d3 4. Bxd3 Nc6 5. c4 Nf6 6. Nc3 d6 7. h3 g6 8. Be3 Bg7 9. Rc1 Be6 10. Nf3 0-0 11. Qd2 Rc8 12. b3 Nd7 13. 0-0 Nde5 14. Be2 Nxf3+ 15. Bxf3 Qa5 16. Rfd1 Rfe8 17. Nd5 Qxd2 18. Rxd2 b6 19. Be2 f5 20. Nf4 Bd7 21. exf5 Bxf5 22. Bg4 Bxg4 23. hxg4 Ne5 24. f3 Bh6 25. Nd5 Bxe3+ 26. Nxe3 Kf7 27. f4 Nd7 28. g3 Nc5 29. Kg2 Nd7 30. Kf3 Rf8 31. Rh1 Kg7 32. g5 Rf7 33. Rdh2 Nf8 34. Ng4 Rf5 35. Re1 Rc7 36. Ne3 Rf7 37. Nd5 Rb7 38. Rhe2 e5 39. Nf6 Nd7 40. Ne8+ 1-0

[Event "CAN-ch Seniors 50+"]
[Site "Kitchener"]
[Date "2015.07.31"]
[Round "1"]
[White "Chernik, Dmitry"]
[Black "Selling, Edward F"]
[Result "1-0"]
[WhiteElo "2079"]
[BlackElo "1657"]
[PlyCount "59"]
[EventDate "2015.07.31"]
[EventType "swiss"]
[EventRounds "7"]
[EventCountry "CAN"]
[SourceTitle "EXT 2022"]
[Source "ChessBase"]
[SourceDate "2021.10.06"]
[SourceVersion "1"]
[SourceVersionDate "2021.10.06"]
[SourceQuality "1"]

1. e4 c5 2. Nc3 e6 3. f4 Nc6 4. Nf3 a6 5. a4 Qc7 6. d3 b6 7. g3 Bb7 8. Bg2 Rc8 9. 0-0 Nd4 10. Ne2 Nxf3+ 11. Bxf3 Nf6 12. c4 Be7 13. Bd2 h5 14. h3 g6 15. Bc3 Rg8 16. e5 Nh7 17. Bxb7 Qxb7 18. Kh2 d5 19. Ng1 Rd8 20. Qf3 a5 21. Ra3 Qa8 22. Rb3 Qa7 23. Ne2 Qc7 24. Be1 d4 25. Bd2 Kd7 26. Bxa5 Qc6 27. Qxc6+ Kxc6 28. Rxb6+ Kd7 29. Rb7+ Ke8 30. Bxd8 1-0

[Event "IECG Q1.2000.0.00119"]
[Site "IECG email"]
[Date "2000.07.20"]
[Round "?"]
[White "Popov, Boris"]
[Black "Selling, Edward F"]
[Result "1-0"]
[WhiteElo "1900"]
[BlackElo "1837"]
[PlyCount "47"]
[EventDate "2000.07.20"]
[EventType "tourn (corr)"]
[EventRounds "6"]
[SourceTitle "Corr 2008"]
[Source "ChessBase"]
[SourceDate "2008.06.24"]
[SourceVersion "1"]
[SourceVersionDate "2008.06.24"]
[SourceQuality "1"]

1. d4 Nf6 2. c4 g6 3. Nc3 Bg7 4. e4 d6 5. Nf3 0-0 6. h3 e5 7. dxe5 dxe5 8. Qxd8 Rxd8 9. Bg5 Re8 10. Nd5 Nxd5 11. cxd5 c6 12. Bc4 cxd5 13. Bxd5 Nc6 14. 0-0-0 Nb4 15. Bb3 Be6 16. Bxe6 Rxe6 17. Kb1 Na6 18. Be3 Bf8 19. Rd5 f6 20. Rhd1 b6 21. a3 Bc5 22. Bh6 Kf7 23. b4 Bxf2 24. Rf1 1-0

[Event "IECG Q1.2000.0.00119"]
[Site "IECG email"]
[Date "2000.07.20"]
[Round "?"]
[White "Selling, Edward F"]
[Black "Lacoste, Alain"]
[Result "0-1"]
[WhiteElo "1837"]
[BlackElo "2096"]
[PlyCount "36"]
[EventDate "2000.07.20"]
[EventType "tourn (corr)"]
[EventRounds "6"]
[SourceTitle "Corr 2008"]
[Source "ChessBase"]
[SourceDate "2008.06.24"]
[SourceVersion "1"]
[SourceVersionDate "2008.06.24"]
[SourceQuality "1"]

1. e4 c5 2. Nf3 d6 3. d4 cxd4 4. Nxd4 Nf6 5. Nc3 a6 6. Be3 e5 7. Nb3 Be6 8. Qd2 Nbd7 9. f3 Be7 10. g4 0-0 11. 0-0-0 b5 12. g5 Nh5 13. Rg1 Nb6 14. Nd5 Bxd5 15. exd5 Rc8 16. Bxb6 Qxb6 17. Bd3 Nf4 18. Kb1 b4 0-1

[Event "IECG Q1.1998.0.00053"]
[Site "IECG email"]
[Date "1998.??.??"]
[Round "?"]
[White "Selling, Edward F"]
[Black "Bonoldi, Fabio"]
[Result "1/2-1/2"]
[WhiteElo "1837"]
[BlackElo "1800"]
[PlyCount "64"]
[EventDate "1998.10.08"]
[EventType "tourn (corr)"]
[EventRounds "6"]
[SourceTitle "Corr 2008"]
[Source "ChessBase"]
[SourceDate "2008.06.24"]
[SourceVersion "1"]
[SourceVersionDate "2008.06.24"]
[SourceQuality "1"]

1. d4 Nf6 2. c4 g6 3. Nc3 Bg7 4. e4 d6 5. f3 0-0 6. Be3 e5 7. d5 c6 8. Bd3 cxd5 9. cxd5 Nh5 10. Nge2 f5 11. exf5 gxf5 12. 0-0 Nd7 13. Rc1 Nc5 14. Bb1 a5 15. f4 Qe8 16. fxe5 Bxe5 17. Qd2 Bd7 18. Rf3 Qg6 19. Rcf1 Ne4 20. Nxe4 fxe4 21. Nf4 Nxf4 22. Bxf4 exf3 23. Bxg6 Bxf4 24. Qd3 hxg6 25. Qxg6+ Kh8 26. Rxf3 Rac8 27. Rxf4 Rc1+ 28. Kf2 Rxf4+ 29. Ke3 Rg4 30. Qf6+ Rg7 31. Qh4+ Kg8 32. Qd8+ Kh7 1/2-1/2